UBT Library

Social research : (Record no. 40800)

000 -LEADER
fixed length control field 00789cam a22002414a 4500
001 - CONTROL NUMBER
control field 12346547
005 - DATE AND TIME OF LATEST TRANSACTION
control field 20180123091639.0
008 - FIXED-LENGTH DATA ELEMENTS--GENERAL INFORMATION
fixed length control field 010314s2002 mau b 001 0 eng
010 ## - LIBRARY OF CONGRESS CONTROL NUMBER
LC control number 2001022603
020 ## - INTERNATIONAL STANDARD BOOK NUMBER
International Standard Book Number 0205337449 (alk. paper)
040 ## - CATALOGING SOURCE
Original cataloging agency DLC
Transcribing agency DLC
Modifying agency DLC
041 ## - LANGUAGE CODE
Language code of text/sound track or separate title eng
042 ## - AUTHENTICATION CODE
Authentication code pcc
080 ## - UNIVERSAL DECIMAL CLASSIFICATION NUMBER
Universal Decimal Classification number 300.72 don
082 00 - DEWEY DECIMAL CLASSIFICATION NUMBER
Classification number 300.72 don
Edition number 21
100 1# - Rafti
Rafti 59
101 ## - Shkurtesa
Shkurtesa soc
245 10 - TITLE STATEMENT
Title Social research :
Statement of responsibility, etc Don G. McTavish, Herman J. Loether.
504 ## - BIBLIOGRAPHY, ETC. NOTE
Bibliography, etc Includes bibliographical references (p. 339-340) and index.
906 ## - LOCAL DATA ELEMENT F, LDF (RLIN)
a 7
b cbc
c orignew
d 1
e ocip
f 20
g y-gencatlg
942 ## - ADDED ENTRY ELEMENTS (KOHA)
Source of classification or shelving scheme
Item type Books
Holdings
Withdrawn status Lost status Source of classification or shelving scheme Damaged status Not for loan Collection code Permanent location Current location Shelving location Date acquired Total Checkouts Full call number Barcode Date last seen Price effective from Koha item type
          Koleksioni i përgjithshem UBT - Lipjan UBT - Lipjan Koleksioni i përgjithshem 01/23/2018   300.72 don 002-2996193 01/23/2018 01/23/2018 Books
UBT Library © 2015-2024. All rights reserved University Education for Business and Technology